Quiz di cultura generale #117 - Statistics

Statistiche generali
  • Questo quiz è stato fatto 397 volte
  • Il punteggio medio è 12 su 20
Statistiche sulle risposte
DOMANDA RISPOSTA % Corretto
In un noto modo di dire si vede in fondo al tunnel Luce
97%
La più famosa donna egiziana della storia Cleopatra
91%
Solitamente una persona ne ha 206 Ossa
91%
E' tornato al cinema alla fine del 2025 con il film "Buen Camino" Checco/Zalone
89%
Lo parlavano i Romani Latino
89%
In quale regione si trova Macerata? Marche
82%
Il ponte più famoso di Firenze Vecchio
80%
L'unica nazione che termina in -q Iraq
79%
I suoi giardini pensili erano una delle sette meraviglie del mondo antico Babilonia
76%
Questo grande felino maculato non ha mai ucciso un essere umano Ghepardo
74%
Capitale Sudamericana fondata nel 1960 Brasilia
65%
In quale anno la Regina Elisabetta salì al trono inglese? 1952
64%
Re inglese che creò l'anglicanesimo Enrico VIII
58%
Negli Usa è conosciuta col nome di "The Family Guy", in Italia? I Griffin/Griffin
57%
L'anno di inizio pontificato di Benedetto XVI 2005
49%
Le Isole Cook appartengono formalmente a quale stato? Nuova Zelanda
45%
Qual è il più grande felino dell'America? Giaguaro
42%
Chi pronunciò la celebre frase:"Ecce Homo"? Ponzio/Pilato
12%
Il più famoso e importante tra i sultani dell'Impero Ottomano Solimano
6%
Il nome più utilizzato dagli imperatori romani Valentiniano/Gordiano/Costanzo
2%
Nessun quiz corrispondente trovato
Distribuzione punteggi
Percentuale di utenti per punteggio
Percentile per numero di risposta
I tuoi punteggi nel tempo
Non hai fatto questo quiz